banner-ar

حقوقنا الان وليس غدا : (Record no. 66171)

MARC details
000 -الفاتح
حقل البيانات ثابتة الطول 01004nam a22002297a 4500
005 - وقت وتاريخ اخر تعامل مع التسجيلة
رقم الضبط 20240530110903.0
008 - عناصر البيانات ثابتة الطول - معلومات عامة
حقل البيانات ثابتة الطول 220214s2003 ua g 000 0 ara d
017 ## - رقم الايداع القانونى
المصدر ( الهيئة المختصة) مصر. دار الكتب
رقم الايداع القانونى 2003/14842
040 ## - مصدر الفهرسة
وكالة الفهرسة الأصلية EG-CaGPL
وكالة النسخ EG-CaGPL
082 04 - رقم تصنيف ديوى العشرى
رقم الطبعة 21
رقم التصنيف 323.4/
رقم المادة ب ح
100 0# - المدخل الرئيسى - إسم شخصى
الإسم الشخصى بهى الدين حسن
245 10 - بيان العنوان
العنوان حقوقنا الان وليس غدا :
بقية العنوان المواثيق الاساسية لحقوق الانسان/
بيان المسئوليه,etc تقديم بهى الدين حسن ، محمد السيد سعيد
250 ## - بيان الطبعة
بيان الطبعة ط. 1
260 ## - PUBLICATION, DISTRIBUTION, ETC. (IMPRINT)
تاريخ النشر أو التوزيع 2003
300 ## - الوصف المادى
التعداد 401 ص. ؛
أبعاد الوعاء 24 سم
490 1# - بيان السلسلة
عنوان السلسلة تعليم حقوق الانسان ؛
رقم المجلد/ التعيين التسلسلي 8
650 07 - المدخل الاضافى بالموضوع-مصطلح موضوعى
مصدر الرأس أو المصطلح qrmak
مصطلح موضوعي حقوق الانسان
653 ## - مصطلح تكشيفى غير مقيد
مصطلح غير مقيد الاعلان العالمى لحقوق الانسان
-- اتفاقية حقوق الطفل
700 ## - المدخل الاضافى - اسم شخصى
الإسم الشخصى محمد السيد سعيد
الدور مقدم مشارك
942 ## - عناصر المدخل الإضافي( كوها)
مصدر التصنيف او مخطط الترفيف Dewey Decimal Classification
Koha [default] item type كتاب
260 ## - PUBLICATION, DISTRIBUTION, ETC. (IMPRINT)
-- القاهرة :
-- مركز القاهرة لدراسات حقوق الانسان ،
Holdings
حالة التراجع حالة الفقد حالة تلف ليس للاعارة المكان المؤقت الموقع الحالى موقع الترفيف تاريخ الاكتساب اجمالي اﻻعارات رقم الطلب الباركود تاريخ اخر مشاهدة تاريخ تفعيل السعر نوع وعاء كوها
        مكتبة القاهرة الكبرى مكتبة القاهرة الكبرى ق الرئيسية_العلوم الاجتماعية_ك عربى 02/20/2022   323.4/ ب ح 167422 02/20/2022 02/20/2022 كتاب

Powered By

EGPV